000 00432nam a22001817a 4500
003 NUST - PNEC
005 20170116181035.0
008 150919b xxu||||| |||| 00| 0 eng d
020 _a0632031247
040 _cLIBRARY
082 _a621.3848 COL
100 _911325
_aCole, Henry W.
245 _aUnderstanding radar
_cHenry W. Cole
250 _a2nd ed.
260 _cc.1992
650 _911328
_aRadar
_xEE
942 _2ddc
_cBK
999 _c67887
_d67887